000 00660cam a22002053a 4500
001 43477
003 PGUSA
005 20140828084005.0
008 130815s2013||||xxu|||||s|||||000 | eng d
040 _aPGUSA
_beng
042 _adc
100 1 _aKendrick, A. F.
245 1 0 _aBell's Cathedrals :
_bThe Cathedral Church of Lincoln : A History and Description of its Fabric and a List of the Bishops
_h[electronic resource] /
_cA. F. Kendrick
260 _bProject Gutenberg,
_c2013
506 _aPublic domain in the USA.
516 _aElectronic text
830 0 _aProject Gutenberg
_v43477
856 4 0 _uhttp://www.gutenberg.org/ebooks/43477
942 _cEB
999 _c272728
_d272728